00679 2200169 4500245004600000020002200046250001100068100002100079650001600100005001900116260003300135041001400168084000800182300002300190500028700213336000900500 aGirls In the DarkcAkiyoshi, RikakohText a978-602-7742-31-4 aCet. 3 aAkiyoshi, Rikako aNovel Horor a20231011134104 aJakartabPenerbit Haruc2015 aIndonesia a813 a279 hlm. :c19 cm. aApa yang ingin disampaikan oleh gadis itu...?Gadis itu mati. Ketua klub sastra, shiraishi itsumi, mati di tangannya ada setangkai bunga lilyPembunuhan? Bunuh diri? tidak ada yang tahu. satu dari enam gadis anggota kulb sastra digosipkan sebagai pembunuh gadis cantik berkarisma itu. atext